| 000 | 00916cam a2200253 a 4500 | ||
|---|---|---|---|
| 003 | CO-ViMGA | ||
| 005 | 20230915233126.0 | ||
| 008 | 021206s2002 ck r 00010 spa d | ||
| 020 | _a9588075653 | ||
| 040 |
_aCO-ViMGA _bspa _cCO-ViMGA |
||
| 043 | _acl----- | ||
| 082 | 0 | 4 |
_a337.3 _bT15d _220 ed. |
| 100 | 1 |
_aTangarife Torres, Marcel, _d1968- _92800 |
|
| 245 | 1 | 0 |
_aDerecho de la integración en la Comunidad Andina / _cMarcel Tangarife Torres. |
| 260 |
_aMedellín : _bRaisbeck, Lara, Rodríguez y Rueda (Baker & McKenzie), _c2002. |
||
| 300 |
_a710 p. : _bil. ; _c24 cm. |
||
| 500 | _aIncluye notas al pie del texto. | ||
| 610 | 2 |
_aGrupo Andino. _92801 |
|
| 610 | 2 |
_aGrupo Andino _x Aspectos jurídicos. _92803 |
|
| 610 | 2 |
_aGrupo Andino _x Integración económica. _92802 |
|
| 610 | 2 |
_aGrupo Andino _x Legislación. _92804 |
|
| 651 | 0 |
_aAmérica Latina _x Integración económica. _92805 |
|
| 942 |
_2ddc _cBK |
||
| 999 |
_c35356 _d35356 |
||